000 01144nam a2200217Ia 4500
999 _c39808
_d39808
001 6413
003 GE_BSU
005 20190502171351.0
008 181216s1971||||ge |||||||||||||| ||geo||
040 _cGE_BSU
041 _ageo
080 _a624.4(075.8) კ-80
100 _aკოჩიევი, უ.
_9470
245 _aრკინაბეტონის ხიდების მალის ნაშენთა ელემენტების გაანგარიშება :
_bდამხმ. სახელმძღვ. /
_c უ.კოჩიევი ; რედ. მ.მრელაშვილი.
264 _aთბილისი :
_bგანათლება,
_c1971.
300 _a166 გვ. :
_bნახაზები, დანართები ;
_c22 სმ.
504 _aბიბლიოგრ. : გვ.165.
653 _aრკინაბეტონის ხიდების მალის ნაშენთა ელემენტების გაანგარიშება
700 _aმრელაშვილი, მ.
_eრედაქტორი
_9640
942 _cBK
_2udc